| 000 | 00677nam a2200229Ia 4500 | ||
|---|---|---|---|
| 001 | dia_6765 | ||
| 003 | CHAP | ||
| 008 | 220117s1969 xx 000 0 und d | ||
| 010 | _a178070 | ||
| 040 | _cCHAP | ||
| 090 | _aF 153 1969 | ||
| 110 |
_aSociedad Mexicana de Fruticultura _9108089 |
||
| 245 | _aLos frutales en Japón y México ; datos sobre el cultivo y la explotación comercial de caducifolios principalmente | ||
| 260 |
_aMéxico : _b Sociedad Mexicana de Fruticultura, _c1969 |
||
| 300 | _a54 p. | ||
| 901 | _aF 153 1969 | ||
| 902 | _aM | ||
| 905 | _a0000001969 MX 0000000000SPA00 | ||
| 942 | _c12 | ||
| 942 | _c12 | ||
| 999 |
_c178070 _d178070 |
||